Statistics for 2021-2022 NBA Players of the Week

Click here to take the quiz!

General Stats

  • This quiz has been taken 327 times
    (290 since last reset)
  • The average score is 26 of 28

Answer Stats

Answer% Correct
Stephen Curry
100%
LeBron James
99%
Jayson Tatum
97%
Joel Embiid
97%
Kevin Durant
97%
Luka Dončić
97%
Nikola Jokić
97%
Devin Booker
96%
Ja Morant
96%
Jimmy Butler
96%
Trae Young
96%
Chris Paul
95%
Giannis Antetokounmpo
95%
Karl-Anthony Towns
95%
Damian Lillard
94%
DeMar DeRozan
94%
Donovan Mitchell
94%
Paul George
94%
Rudy Gobert
93%
Pascal Siakam
92%
Shai Gilgeous-Alexander
91%
Brandon Ingram
90%
Darius Garland
90%
Fred VanVleet
88%
Jarrett Allen
86%
Domantas Sabonis
82%
Miles Bridges
81%
Kemba Walker
62%

Score Distribution

Percentile by Number Answered

Percent of People with Each Score

Your Score History

You have not taken this quiz since the last reset